[Event "VIE-ch U13"]
[Site "Hanoi"]
[Date "2022.06.13"]
[Round "3"]
[White "Le, Quang Thai"]
[Black "Doan, The Duc"]
[Result "0-1"]
[WhiteElo "2335"]
[BlackElo "2367"]
[PlyCount "64"]
[EventDate "2022.06.11"]
[EventType "swiss"]
[EventRounds "9"]
[EventCountry "VIE"]
[SourceTitle "EXT 2023"]
[Source "ChessBase"]
[SourceDate "2022.10.05"]
[SourceVersion "1"]
[SourceVersionDate "2022.10.05"]
[SourceQuality "1"]

1. e4 c6 2. d4 d5 3. Nc3 dxe4 4. Nxe4 Nf6 5. Nxf6+ exf6 6. Nf3 Bd6 7. Be2 0-0 8. 0-0 Re8 9. Be3 Nd7 10. Re1 Nf8 11. Qd2 Ng6 12. h3 Be6 13. c3 Qd7 14. Bf1 Rad8 15. Rad1 Bd5 16. Be2 f5 17. Qd3 b5 18. a3 Be4 19. Qd2 f4 20. Ng5 fxe3 21. fxe3 Bd5 22. Bg4 f5 23. Bh5 Qe7 24. Bxg6 hxg6 25. Nf3 g5 26. Qf2 g4 27. hxg4 fxg4 28. Nd2 Rf8 29. Qe2 Qh4 30. Nf1 Rxf1+ 31. Qxf1 Bh2+ 32. Kh1 Bg3+ 0-1